| 000 | 00642nam a2200121Ia 4500 | ||
|---|---|---|---|
| 008 | 220620s9999||||xx |||||||||||||| ||und|| | ||
| 100 | _aLu, Yiying||Balima, Félix||Valsan, Sorina||Robert Piticescu, Radu||Prakasam, Mythili||Largeteau, Alain | ||
| 245 | 0 | _aChapter Nanostructured Pure and Doped Zirconia: Synthesis and Sintering for SOFC and Optical Applications | |
| 546 | _aEnglish[eng] | ||
| 650 | _asintering, solid oxide fuel cell, optical ceramics, hydrothermal synthesis | ||
| 856 | _uhttps://library.oapen.org/bitstream/20.500.12657/49272/1/63864.pdf||https://library.oapen.org/bitstream/20.500.12657/49272/1/63864.pdf | ||
| 942 | _cEB | ||
| 999 |
_c24201 _d24201 |
||